<?xml version="1.0" encoding="UTF-8"?>
<record
    xmlns:xsi="http://www.w3.org/2001/XMLSchema-instance"
    xsi:schemaLocation="http://www.loc.gov/MARC21/slim http://www.loc.gov/standards/marcxml/schema/MARC21slim.xsd"
    xmlns="http://www.loc.gov/MARC21/slim">

  <leader>01007nam a2200181   4500</leader>
  <controlfield tag="008">069.074 M986m</controlfield>
  <datafield tag="020" ind1=" " ind2=" ">
    <subfield code="a">9789872182274</subfield>
  </datafield>
  <datafield tag="082" ind1=" " ind2=" ">
    <subfield code="a">069.074</subfield>
    <subfield code="b">M986m</subfield>
  </datafield>
  <datafield tag="100" ind1=" " ind2=" ">
    <subfield code="a">Giunta, Andrea </subfield>
    <subfield code="9">943</subfield>
  </datafield>
  <datafield tag="245" ind1=" " ind2=" ">
    <subfield code="a">Museos y coleccionismo ante el desaf&#xED;o del bicentenario </subfield>
  </datafield>
  <datafield tag="260" ind1=" " ind2=" ">
    <subfield code="a">Buenos Aires</subfield>
    <subfield code="b">Fundaci&#xF3;n arteBA</subfield>
    <subfield code="c">2010</subfield>
  </datafield>
  <datafield tag="300" ind1=" " ind2=" ">
    <subfield code="a">364 p. </subfield>
    <subfield code="b">il. </subfield>
    <subfield code="c">15 x 22 cm </subfield>
  </datafield>
  <datafield tag="505" ind1=" " ind2=" ">
    <subfield code="t">22/05</subfield>
    <subfield code="t">Museos: los nuevos desaf&#xED;os / Museums: New Challenges </subfield>
    <subfield code="t">23/05</subfield>
    <subfield code="t">Coleccionismo y agendas p&#xFA;blicas / Collecting and public agendas </subfield>
    <subfield code="t">24/05</subfield>
    <subfield code="t">Los proyectos de los nuevos curadores / New curators&#xB4;s projects </subfield>
    <subfield code="t">25/06</subfield>
    <subfield code="t">El museo en el imaginario de la arquitectura / The museum in architecture&#xB4;s imagery</subfield>
    <subfield code="t">Conclusiones / Conclusions</subfield>
    <subfield code="t">Un estado de situaci&#xF3;n / A current state of the situation </subfield>
  </datafield>
  <datafield tag="650" ind1=" " ind2=" ">
    <subfield code="x">museolog&#xED;a </subfield>
    <subfield code="x">museos - investigaci&#xF3;n </subfield>
    <subfield code="x">museos - coleccionismo </subfield>
    <subfield code="x">museos - curadores </subfield>
    <subfield code="x">museos - arquitectura </subfield>
    <subfield code="9">7319</subfield>
  </datafield>
  <datafield tag="700" ind1=" " ind2=" ">
    <subfield code="a">Converti, Julia </subfield>
    <subfield code="9">7320</subfield>
  </datafield>
  <datafield tag="710" ind1=" " ind2=" ">
    <subfield code="a">Di Stasio, Alicia</subfield>
    <subfield code="9">7321</subfield>
  </datafield>
  <datafield tag="711" ind1=" " ind2=" ">
    <subfield code="a">Valledor, Mario </subfield>
    <subfield code="9">7322</subfield>
  </datafield>
  <datafield tag="999" ind1=" " ind2=" ">
    <subfield code="c">1905</subfield>
    <subfield code="d">1905</subfield>
  </datafield>
  <datafield tag="952" ind1=" " ind2=" ">
    <subfield code="0">0</subfield>
    <subfield code="1">0</subfield>
    <subfield code="2">ddc</subfield>
    <subfield code="4">0</subfield>
    <subfield code="7">0</subfield>
    <subfield code="a">LV</subfield>
    <subfield code="b">LV</subfield>
    <subfield code="c">Pensamiento</subfield>
    <subfield code="d">2020-03-11</subfield>
    <subfield code="l">0</subfield>
    <subfield code="o">069.074 M986m</subfield>
    <subfield code="p">002971</subfield>
    <subfield code="r">2020-03-11 00:00:00</subfield>
    <subfield code="w">2020-03-11</subfield>
    <subfield code="y">01</subfield>
  </datafield>
</record>
